000 00764cab a2200229 4500
001 WB3413-37
008 090401t1998 xxu||||| |||| 00| 0 eng d
035 _a(Sirsi) u85427
041 _aeng
245 _aEnd of cul-de-sacs
260 _c1998
350 _a0
490 _aTimes
_v3 April 1998, 6&1(2)
520 _a"Places, Streets and Movement" produced by Alan Baxter & Associates for the DETR, recommends the phasing out of cul-de-sacs in future development plans. Traditional through roads are preferred.
650 _aCUL-DE-SACS
650 _aHOUSING ESTATES
650 _aLAYOUT
650 _aPROPERTY-INFRASTRUCTURE-TRANSPORT INFRASTRUCTURE-ROAD INFRASTRUCTURE
690 _aPLANNING LAW AND PRACTICE
942 _n0
948 _c03/04/1998
999 _c53719
_d53719